Estadísticas para Países Grandes que Limitan Países Pequeños

Haz click aquí para intentar la prueba.

Estadísticas generales

  • Esta prueba ha sido intentada 4.203 veces
  • La puntuación promedio es 21 de 28

Estadísticas de respuestas

País% Correcto
Francia
93%
España
92%
Italia
90%
Rusia
90%
Andorra
88%
Alemania
87%
China
87%
Mónaco
86%
Vaticano
86%
San Marino
85%
Luxemburgo
83%
Suiza
78%
Liechtenstein
77%
Estonia
75%
Austria
74%
Letonia
74%
Lituania
74%
Bután
68%
Corea del Norte
67%
Georgia
67%
Arabia Saudita
66%
Azerbaiyán
63%
Catar
62%
Indonesia
58%
Kuwait
57%
R. D. Congo
55%
Timor Oriental
51%
Ruanda
48%

Distribución de puntuación

Porcentaje por número respondido

Porcentaje de gente con cada puntuación

Historial de tus puntuaciones

No has intentado esta prueba.